Spaans - Actividades - Statistics

General Stats
  • This quiz has been taken 7 times
  • The average score is 66 of 297
Answer Stats
Hint Answer % Correct
0 cero
100%
5 cinco
100%
4 cuatro
100%
10 diez
100%
12 doce
100%
2 dos
100%
9 nueve
100%
8 ocho
100%
11 once
100%
hond perro
100%
vragen preguntas
100%
punt punto
100%
6 seis
100%
7 siete
100%
werken trabajar
100%
13 trece
100%
3 tres
100%
jij werkt tú trabajas
100%
1 uno
100%
20 veinte
100%
ik werk yo trabajo
100%
nu ahora
50%
@ arroba
50%
14 catorce
50%
stad ciudad
50%
Hoe schrijf je het? Cómo se escribe?
50%
Hoe spreek je het uit? Cómo se pronuncia?
50%
Wat is je email adres? Cuál es tu dirreción de correo electrónico?
50%
Wat is je telefoonnummer? Cuál es tu número de teléfono?
50%
Hoe oud zijn ze? Cuántos años tienen?
50%
19 diecinueve
50%
18 dieciocho
50%
16 dieciséis
50%
17 diecisiete
50%
leeftijd edad
50%
de kunst el arte
50%
hij/zij is (ser) él/ella es
50%
hij/zij is (estar) él/ella está
50%
hij/zij/u schrijft él/ella/usted escribe
50%
hij/zij/u leest él/ella/usted lee
50%
hij/zij/u kan él/ella/usted puede
50%
hij/zij/u wil él/ella/usted quiere
50%
hij/zij/u werkt él/ella/usted trabaja
50%
zij zijn (ser) ellos/ellas son
50%
zij schrijven ellos/ellas/ustedes escriben
50%
zij zijn (estar) ellos/ellas/ustedes están
50%
zij lezen ellos/ellas/ustedes leen
50%
zij prefereren ellos/ellas/ustedes prefieren
50%
zij kunnen ellos/ellas/ustedes pueden
50%
zij willen ellos/ellas/ustedes quieren
50%
zij werken ellos/ellas/ustedes trabajan
50%
de wereld el mundo
50%
schrijven escribir
50%
ik ben thuis estoy en casa
50%
studeren aan de universiteit estudia en la universidad
50%
mannen hombres
50%
hotel hotel
50%
vandaag hoy
50%
het eten la comida
50%
de cultuur la cultura
50%
de mensen la gente
50%
de officiële taal la lengua official
50%
de populaire feesten las fiestas populares
50%
de grote steden las grandes ciudades
50%
de stranden las playas
50%
de winkels las tiendas
50%
lezen leer
50%
heten llamarse
50%
meer dan más de
50%
ik heet me llamo
50%
berg montaña
50%
vrouwen mujeres
50%
nationaliteit nacionalidad
50%
Nee, dat heb ik niet No, no tengo
50%
wij heten nos llamamos
50%
wij schrijven nosotros escribimos
50%
wij lezen nosotros leemos
50%
wij zijn (ser) nosotros somos
50%
wij werken nosotros trabajamos
50%
jullie heten os llamáis
50%
landen países
50%
woorden palabras
50%
Voor 5 personen Para cinco personas
50%
zwembad piscina
50%
beroep profesión
50%
15 quince
50%
restaurant restaurante
50%
hij/zij/u heet se llama
50%
zij heten se llaman
50%
jij heet te llamas
50%
ik heb een vraag tengo una pregunta
50%
ik heb een kat tengo un gato
50%
ik heb een hond tengo un perro
50%
Heb je Facebook? Tienes Facebook?
50%
Heb je zussen? Tienes hermanas?
50%
Heb je broers? Tienes hermanos?
50%
30 treinta
50%
jij bent (ser) tú eres
50%
jij schrijft tú escribes
50%
jij leest tú lees
50%
een klasgenoot un compañero de clase
50%
u bent (ser) usted es
50%
ik reis viajo
50%
jullie schrijven vosotros escribís
50%
jullie zijn (ser) vosotros sois
50%
ik denk dat yo creo que
50%
ik schrijf yo escribo
50%
ik lees yo leo
50%
ik ben (ser) yo soy
50%
Waarheen? A dónde?
0%
een van deze alguno de estos
0%
accommodatie alojamiento
0%
Voor mij zijn steden met geschiedenis interessant A mí me interesan las ciudades con historia
0%
Voor mij zijn musea en cultuur interessant A mí me interesan museos y la cultura
0%
voor mij ook (negatief) a mí tampoco
0%
voor mij ook (positief) a mí tanbién
0%
toevoegen añadir
0%
appartement apartamento
0%
Hier hebben jullie twee opties om samen te reizen Aquí tenéis dos opciones para viajar juntos
0%
ik dans de tango bailo el tango
0%
tassen bolsos
0%
geldautomaat cajero automático
0%
camping camping
0%
getrouwd casado
0%
winkelcentrum centro comercial
0%
100 cien
0%
50 cincuenta
0%
ik kook Spaans eten cocino comida española
0%
eten comida
0%
kattenvoer comida para el gato
0%
Hoe heten je ouders? Cómo se llaman tus padres?
0%
Hoe reist hij? Cómo viaja?
0%
met de hulp van con la ayuda de
0%
Met wie wil je graag reizen? Con quién te gusta viajar?
0%
met kaart of contant con tarjeta o en efectivo
0%
schoonmaakmiddelen cosméticos
0%
Welke van beiden vind je leuker? Cuál de los dos te gusta más?
0%
Wanneer wil je graag op vakantie? Cuándo te gusta ir de vacaciones?
0%
Wanneer reist hij? Cuándo viaja?
0%
Hoe oud ben je? Cuántos años tienes?
0%
Hoeveel is dit waard? Cuánto vale este?
0%
40 cuarenta
0%
verjaardag cumpleaños
0%
geven dar
0%
sport deportes
0%
Het hotel Azahar is het goedkoopste en ligt aan het strand El hotel Azahar es el más barato y está en la playa
0%
In Asturias, in het noorden van Spanje En Asturias, en el norte de España
0%
met de bus en autobús
0%
met het vliegtuig en avión
0%
met de boot en barco
0%
met de auto en coche
0%
in de winter en el invierno
0%
in de herfst en el otoño
0%
In het dorp is een discotheek En el pueblo hay una discoteca
0%
in de zomer en el verano
0%
op straat en la calle
0%
in de lente en la primavera
0%
In mijn buurt is er een bibliotheek en een museum En mi barrio hay una biblioteca y un museo
0%
In mijn buurt is er geen bioscoop of theater En mi barrio no hay cine ni teatro
0%
met de trein en tren
0%
in drie continenten en tres continentes
0%
het is te duur es demasiado caro
0%
het is het snelste es lo más rápido
0%
Spanje is een zeer gevarieerd land España es un país muy variado
0%
het is prachtig es precioso
0%
scheerschuim espuma de afeitar
0%
burgerlijke status estado civil
0%
deze is ook heel goed esta también está muy bien
0%
Deze zomer wil ik gaan naar Benisol met enkele vrienden Este verano quiero ir a Benisol con unos amigos
0%
Ik studeer aan de univeristeit Estudio en la universidad
0%
het is een beetje groot es un poco grande
0%
bloemen flores
0%
Frankrijk, Italië, Portugal en Engeland zijn de plaatsen die het meest worden gekozen Francia, Italia, Portugal e Iglaterra son los lugares más escogidos
0%
Bedankt voor je hulp Gracias por tu ayuda
0%
- guión
0%
_ (underscore) guión bajo
0%
ik spreek een beetje Frans hablo un poco de francés
0%
ik spreek verschillende talen hablo varios idiomas
0%
er zijn twee apotheken hay dos farmacias
0%
Zijn er goede en goedkope hotels in de buurt van het strand? Hay hoteles buenos y baratos cerca de la playa?
0%
er is een apotheek hay una farmacia
0%
ik speel voetbal juego al fútbol
0%
De discotheek is in het centrum La discoteca está en el centro
0%
De kerk en de markt zijn in het centrum La iglesia y el mercado están en el centro
0%
boeken libros
0%
Llanes is een heel leuk stadje dat in Asturias ligt Llanes es un pueblo muy bonito que está en Asturias
0%
beiden spreken ze Frans los dos hablan de francés
0%
in het weekend los fines de semana
0%
ik houd van dit dorp me gusta este pueblo
0%
ik vind het avontuur leuk me gusta la aventura
0%
ik vind het strand leuk me gusta la playa
0%
ik vind het leuk om het landschap te zien me gusta ver el paisaje
0%
ik houd van reizen met mijn partner me gusta viajar con mi pareja
0%
ik houd van reizen met mijn vrienden me gusta viajar con mis amigos
0%
ik houd van reizen per vliegtuig me gusta viajar en avión
0%
ik houd van reizen per auto me gusta viajar en coche
0%
Ik ben erg geïnteresseerd in Latijns-Amerika Me interesa mucho Latinoamérica
0%
ik vind verschillende culturen interessant me interesan las culturas differentes
0%
Ik vind grote steden interessant me interesan las grandes ciudades
0%
mijn ouders mis padres
0%
monumenten monumentos
0%
musea en cultuur museos y cultura
0%
erg goedkoop muy barato
0%
Heel dicht bij het strand Muy cerca de la playa
0%
natuur naturaleza
0%
er is geen school no hay escuela
0%
ik houd niet van vliegtuigen no me gustan los aviones
0%
Ik wil niet alleen reizen No me gusta viajar solo
0%
wij zijn (estar) nosotros estamos
0%
wij kunnen nosotros podemos
0%
wij prefereren nosotros preferimos
0%
wij willen nosotros queremos
0%
90 noventa
0%
80 ochenta
0%
brood en gebak pan y pasteles
0%
verjaardagstaart pastel de cumpleaños
0%
vragen pedir
0%
Pardon, waar is het? Perdona, dónde está?
0%
krant periódico
0%
maar in grijs heb ik alleen nog deze maat pero en gris solo tengo esta talla
0%
maar ik heb het alleen nog in blauw pero solo la tengo en azul
0%
batterij pilas
0%
Dat is waarom in een stad wil bezoeken Por eso quiero ir a visitar una ciudad
0%
omdat ik graag andere culturen wil leren kennen porque me gusta conocer otras culturas
0%
omdat ik van een rustige vakantie houd porque me gustan las vacaciones tranquilas
0%
omdat ze allebei dezelfde leeftijd hebben porque tienen la misma edad
0%
want ik houd van het avontuur poruqe me gusta la aventura
0%
prefereren preferir
0%
hij/zij/u prefereert prefiere
0%
ik prefereer de trein prefiero el tren
0%
Ik ga liever met de auto en verblijf in een hotel Prefiero ir en coche y alojarme en un hotel
0%
Ik prefereer om in juni te gaan, want dan heb ik zomervakantie Prefiero ir en junio, porque tengo las vacaciones en verano
0%
ik prefereer de fiets prefiero la bicicleta
0%
ik prefereer reizen met mijn familie prefiero viajar con mi familia
0%
Mijn voorkeur is reizen in januari Prefiero viajar en enero
0%
ik prefereer alleen reizen prefiero viajar solo
0%
vraag het aan je leraar of zoek op internet pregunta a tu profesor o busca en internet
0%
schoonmaakproducten productos de limpieza
0%
want dan is het daar zomer proque allí es verano
0%
ik kan puedo
0%
Welke verschillen zijn er tussen deze twee campings? Qué diferencias hay entre estos dos campings?
0%
Wat doet hij? Qué hace?
0%
willen querer
0%
Ik wil Andalucía leren kennen Quiero conocer Andalucía
0%
Ik wil naar Patagonia quiero ir a la Patagonia
0%
Ik wil Latijns-Amerika bezoeken Quiero visitar Latinoamérica
0%
Ik wil Madrid bezoeken Quiero visitar Madrid
0%
kleding ropa
0%
zaterdagochtend sábado por la mañana
0%
60 sesenta
0%
70 setenta
0%
Als je op zoek bent naar nog iets goedkopers is er ook een hostel Si buscas algo más barato también hay un hostal
0%
vrijgezel soltero
0%
zijn kinderen sus hijos
0%
Hun musea en restaurants hebben internationale roem Sus museos y restaurantes tienen fama internacional
0%
ook is er geen discotheek tampoco hay discoteca
0%
Ook is er een cultuurcentrum Tanbién hay un centro cultural
0%
Bent u geïnteresseerd in een van deze reizen? Te interesa alguno de estos viajes?
0%
ik moet kopen tengo que comprar
0%
ik heb een dier tengo un animal
0%
Ik ben 23 jaar Tengo veintitrés años
0%
ik ben 21 jaar Tengo veintiun años
0%
hij moet verschillende dingen voor hem kopen tiene que comprar varias cosas para él
0%
jij moet gaan tienes que ir
0%
ik speel een muziekinstrument toco un instrumento musical
0%
Ik werk in een bank Trabajo en un banco
0%
jij bent (estar) tú estás
0%
jij prefereert tú prefieres
0%
jij kunt tú puedes
0%
jij wil tú quieres
0%
jouw broers tus hermanos
0%
een jasje una americana
0%
een bibliotheek una biblioteca
0%
een van de betere keukens in de wereld una de las mejores cocinas del mundo
0%
een boekenwinkel una librería
0%
een giftshop una tienda de regalos
0%
een kledingwinkel une tienda de ropa
0%
een luchtje un perfume
0%
een reis un viaje
0%
u bent (estar) usted está
0%
We gaan een groepsvakantie organiseren Vamos a organizar unas vacaciones en grupo
0%
ik leef vivo
0%
jullie zijn (estar) vosotros estáis
0%
jullie lezen vosotros leéis
0%
jullie kunnen vosotros podéis
0%
jullie preferen vosotros preferís
0%
jullie willen vosotros queréis
0%
jullie werken vosotros trabajáis
0%
ik ben (estar) yo estoy
0%
ik lees boeken yo leo libros
0%
ik lees kranten yo leo periódicos
0%
ik prefereer yo prefiero
0%
ik wil yo quiero
0%
en een cadeau voor zijn vriendin y un regalo para su novia
0%
sportschoenen zapatillas de deporte
0%
No matching quizzes found
Score Distribution
Percent of People with Each Score
Percentile by Number Answered
Your Score History
You have not taken this quiz